00563nam a22001817a 450000500170000001000150001702000260003203500140005803700130007208200100008524500700009526000450016527000590021030000260026950000380029570000220033370000260035520180412104316.0 aENG-122456 a9788171393473c650.00 aEN-105988 bDBAD/PUB a128.2 aMind and art /ced. by Anand Sidhartha [and] Priya Ranjan Trivedi aNew DelhibJnanada Prakashan (P&D)c2016 a4837/2, 24, Ansari Road, Daryaganj,bNew Delhie110002 a214p.bill.c21cm(Hb) aIncludes bibliography [and] index dSidhartha. Anand  dTrivedi, Priya Ranjan